00843pam a2200205 a 4500020002700000040000800027082002500035245011600060260013100176300003500307500006200342650002100404650003000425650003100455650002100486700002200507710003400529710003700563710003700600 a0891181032 (paperback) cDLC00a630 sa632 AME 1990 00aImpact of carbon dioxide, trace gases, and climate change on global agriculture :bproceedings of a symposium / aMadison, WI, USA :bAmerican Society of Agronomy :bCrop Science Society of America :bSoil Science Society of America,c1990. axvii, 133 p. :bill. ;c23 cm. a"The symposium was held in Anaheim, CA, 1 December 1988." 0aClimatic changes 0aMeteorology, Agricultural 0aAtmospheric carbon dioxide 0aGreenhouse gases1 aKimball, Bruce A.2 aAmerican Society of Agronomy.2 aCrop Science Society of America.2 aSoil Science Society of America.